Normale Ansicht MARC-Ansicht ISBD

Neue Urbanität (Titelsatznr. 372766)

[ MARC ]
MARC-Details
000 -Satzkennung
Kontrollfeld mit fester Länge 02268cam a2200637 4500
001 - Kontrollnummer
Kontrollfeld 024826847
003 - Kontrollnummer Identifier
Kontrollfeld DE-627
005 - Datum und Zeit der letzten Transaktion
Kontrollfeld 20231017115704.0
007 - Feld mit fester Länge zur physischen Beschreibung - Allgemeine Information
Kontrollfeld mit fester Länge tu
008 - Feld mit fester Länge zur physischen Beschreibung - Allgemeine Angaben
Kontrollfeld mit fester Länge 880606s1987 gw ||||| 00| ||ger c
015 ## - Nummer der Nationalbibliografie
Nummer der Nationalbibliografie 88,A06,0527
Quelle dnb
016 7# - Kontrollnummer der nationalbibliografischen Agentur
Datensatzkontrollnummer 880099593
Quelle DE-101
020 ## - Internationale Standardbuchnummer
Internationale Standardbuchnummer 3518114328
035 ## - Systemkontrollnummer
System-Kontrollnummer (DE-627)024826847
035 ## - Systemkontrollnummer
System-Kontrollnummer (DE-576)013855069
035 ## - Systemkontrollnummer
System-Kontrollnummer (DE-599)GBV024826847
035 ## - Systemkontrollnummer
System-Kontrollnummer (OCoLC)18496766
035 ## - Systemkontrollnummer
System-Kontrollnummer (OCoLC)18496766
035 ## - Systemkontrollnummer
System-Kontrollnummer (AT-OBV)AC01202701
035 ## - Systemkontrollnummer
System-Kontrollnummer (DE-H357)his39128
040 ## - Katalogisierungsquelle
Original-Katalogisierungsstelle DE-627
Katalogisierungssprache ger
Übertragungsstelle DE-627
Beschreibungsfestlegungen rakwb
Bearbeitungsstelle DE-2950
041 ## - Sprachcode
Sprachcode des Textes/der Tonspur oder des separaten Titels ger
044 ## - Ländercode der veröffentlichenden/herstellenden Stelle
ISO-Ländercode XA-DE
082 0# - Notation nach der Dewey Decimal Classification
Notation 301.360943 UKD
Zuweisende Stelle OCLC
084 ## - Andere Notation
Notation S 690
Quelle der Nummer sfb
084 ## - Andere Notation
Notation S 700
Quelle der Nummer sfb
084 ## - Andere Notation
Notation 14
Quelle der Nummer sdnb
084 ## - Andere Notation
Notation ZH 9300
Quelle der Nummer rvk
IDN des Normdatensatzes oder Standardnummer (DE-625)rvk/156301:
084 ## - Andere Notation
Notation MS 1840
Quelle der Nummer rvk
IDN des Normdatensatzes oder Standardnummer (DE-625)rvk/123617:
084 ## - Andere Notation
Notation MS 1810
Quelle der Nummer rvk
IDN des Normdatensatzes oder Standardnummer (DE-625)rvk/123615:
084 ## - Andere Notation
Notation MS 1750
Quelle der Nummer rvk
IDN des Normdatensatzes oder Standardnummer (DE-625)rvk/123613:
084 ## - Andere Notation
Notation 71.14
Quelle der Nummer bkl
100 1# - Haupteintragung - Personenname
Personenname Häußermann, Hartmut
Datumsangaben in Verbindung mit einem Namen 1943-2011
IDN des Normdatensatzes oder Standardnummer (DE-588)122379667
-- (DE-627)081909675
-- (DE-576)161266002
Code für Beziehungskennzeichnung aut
245 10 - Titel
Titel Neue Urbanität
Verfasserangabe etc. Hartmut Häussermann; Walter Siebel
250 ## - Ausgabebezeichnung
Ausgabebezeichnung 1. Aufl., Erstausg.
264 #1 - Produktion, Veröffentlichung, Distribution, Herstellung und Urheberrechtsvermerk
Herstellungs-, Veröffentlichungs- Vertriebs-, Erzeugungsort Frankfurt am Main
Produzent, Herausgeber, Distributor, Hersteller Suhrkamp
Datum der Herstellung, der Veröffentlichung, des Vertriebs oder des Urheberschutzvermerks 1987
300 ## - Physische Beschreibung
Umfang 263 S.
Andere physische Details graph. Darst
Maße 18 cm
336 ## - Inhaltstyp
Inhaltstypterm Text
Inhaltstypcode txt
Quelle rdacontent
337 ## - Medientyp
Bezeichnung des Medientyps ohne Hilfsmittel zu benutzen
Medientypcode n
Quelle rdamedia
338 ## - Datenträgertyp
Datenträgertypbezeichnung Band
Datenträgertypcode nc
Quelle rdacarrier
490 0# - Gesamttitelangabe
Gesamttitelangabe Edition Suhrkamp
Bandnummer/Folgebezeichnung 1432 = N.F., 432
500 ## - Allgemeine Fußnote
Allgemeine Fußnote Literaturverz. S. 251 - [264]
583 1# - Fußnote zum Bearbeitungsvermerk
Bearbeitung Massenentsäuert
Zeit/Datum der Bearbeitung 2017
Beauftragter DE-18
Quelle der Ansetzung oder des Terms pdager
Das Unterfeld gibt die Institution an, auf die sich das Feld bezieht DE-18-308
650 #4 - Nebeneintragung unter einem Schlagwort - Sachschlagwort
Sachschlagwort oder geografischer Name als Eintragungselement Stadtsoziologie
650 #4 - Nebeneintragung unter einem Schlagwort - Sachschlagwort
Sachschlagwort oder geografischer Name als Eintragungselement Kommunalpolitik
951 ## - EQUIVALENCE OR CROSS-REFERENCE--GEOGRAPHIC NAME/AREA NAME [OBSOLETE] [CAN/MARC only]
Geografischer Name BO
700 1# - Nebeneintragung - Personenname
Personenname Siebel, Walter
Datumsangaben in Verbindung mit einem Namen 1938-
IDN des Normdatensatzes oder Standardnummer (DE-588)120969505
-- (DE-627)081001681
-- (DE-576)292473605
Code für Beziehungskennzeichnung aut
776 08 - Andere physische Form
Verweisungsphrase Erscheint auch als
Fußnote Online-Ausgabe
Haupteintragung Häußermann, Hartmut, 1943 - 2011
Titel Neue Urbanität
Ausgabe 7. Auflage
Ort, Verlag und Erscheinungsjahr Frankfurt am Main : Suhrkamp Verlag, 2015
Physische Beschreibung 1 Online-Ressource (264 Seiten)
Datensatzkontrollnummer (DE-627)1673254969
Internationale Standardbuchnummer 9783518755389
856 42 - Elektronische Adresse und Zugriff
URL <a href="http://www.gbv.de/dms/ilmenau/toc/024826847.PDF">http://www.gbv.de/dms/ilmenau/toc/024826847.PDF</a>
Kontaktstelle für Hilfe beim Zugriff V:DE-601
-- B:DE-ilm1
Elektronisches Format pdf/application
Verknüpfungstext Inhaltsverzeichnis
Spezifische Materialangaben Inhaltsverzeichnis
936 rv - OCLC/CONSER MISCELLANEOUS DATA (OCLC); PIECE USED FOR CATALOGING (pre-AACR2) (RLIN)
OCLC control number(s) of parallel record(s) (OCLC); Piece used for cataloging, PUC (RLIN) ZH 9300
936 rv - OCLC/CONSER MISCELLANEOUS DATA (OCLC); PIECE USED FOR CATALOGING (pre-AACR2) (RLIN)
OCLC control number(s) of parallel record(s) (OCLC); Piece used for cataloging, PUC (RLIN) MS 1840
936 rv - OCLC/CONSER MISCELLANEOUS DATA (OCLC); PIECE USED FOR CATALOGING (pre-AACR2) (RLIN)
OCLC control number(s) of parallel record(s) (OCLC); Piece used for cataloging, PUC (RLIN) MS 1810
936 rv - OCLC/CONSER MISCELLANEOUS DATA (OCLC); PIECE USED FOR CATALOGING (pre-AACR2) (RLIN)
OCLC control number(s) of parallel record(s) (OCLC); Piece used for cataloging, PUC (RLIN) MS 1750
936 bk - OCLC/CONSER MISCELLANEOUS DATA (OCLC); PIECE USED FOR CATALOGING (pre-AACR2) (RLIN)
OCLC control number(s) of parallel record(s) (OCLC); Piece used for cataloging, PUC (RLIN) 71.14
942 ## - Zusätzliche Felder (Koha)
Klassifikation oder Aufstellungssystematik Andere/Generische Klassifikation
Koha-Medientyp Bücher
Exemplare
Ausgeschieden Verloren Klassifikation oder Aufstellungssystematik Beschädigt Nicht entleihbar Heimatbibliothek Aufenthaltsbibliothek Aufstellungsort Erwerbungsdatum Lieferant Anzahl Ausleihen Signatur Letzte Aktivität Exemplarnummer Preis gültig von Koha-Medientyp
    Andere/Generische Klassifikation     Stadtarchiv Frankfurt (Oder) | Archivbibliothek Stadtarchiv Frankfurt (Oder) | Archivbibliothek Magazin 17/10/2023 Geschenk D. Becker   I: 2909 17/10/2023 100/2023 17/10/2023 Bücher